000 00420nam a2200169Ia 4500
999 _c337
_d337
003 OSt
005 20210903112528.0
008 190216s9999||||xx |||||||||||||| ||und||
040 _coclc
082 _a297
_bHIL/K
100 _aNull
245 0 _aKithabul Ilmu /
260 _bHilal Book House,
_aTirurkad:
_c1990.
300 _a55p
650 _aArabic
942 _cBK
_2ddc
_h297
_iHIL/K
_k297
_mHIL/K